| 000 | 00965nam a2200181Ia 4500 | ||
|---|---|---|---|
| 008 | 151202s9999||||xx |||||||||||||| ||und|| | ||
| 082 | _bPNVM-73246 | ||
| 100 | _aदळवी जयवंत. | ||
| 245 | _aआणखी ठणठणपाळ-सोबत वसंत सरवटे यांची अर्कचित्रे व हास्यचित्रे. | ||
| 260 | _b"मॅजेस्टिक प्रकाशन,गिरगाव." | ||
| 260 | _c73246 | ||
| 300 | _a230 | ||
| 600 | _aदळवी जयवंत. | ||
| 630 | _aआणखी ठणठणपाळ-सोबत वसंत सरवटे यांची अर्कचित्रे व हास्यचित्रे. | ||
| 700 | _aदळवी जयवंत. | ||
| 730 | _aआणखी ठणठणपाळ-सोबत वसंत सरवटे यांची अर्कचित्रे व हास्यचित्रे. | ||
| 942 | _cBOOK | ||
| 999 |
_c1339911 _d1339908 |
||